00602nam a2200193Ia 450000500170000000800410001702000430005804000190010104100120012008200130013224500880014526000510023330000150028450400260029965000140032565100300033970000280036985000110039720230809105031.0131103s9999 xx 000 0 und d a8176480886 (set); 8176480932cRs 10000 aLoreto College aEnglish a920bSIN aEncyclopaedia of the Indian Bigraphy b Volume 5 L-N cEdited by Nagendra Kr. Singh aNew DelhibA.P.H. Publishing Corporationc2000 axxxi,715p  aIncludes bibliography aBiography aIndian National Biography aSingh, Nagendra Kr., ed aLCLIB